S.Chand's Control systems GATE PSUs and ES examination : (Record no. 102936)

MARC details
000 -LEADER
fixed length control field 00657nam a22002057a 4500
005 - DATE AND TIME OF LATEST TRANSACTION
control field 20230112142911.0
010 ## - LCCN (DPL NO)
LC control number ENG-115879 ENG-135969
020 ## - INTERNATIONAL STANDARD BOOK NUMBER
International Standard Book Number 9789325992245
Terms of availability 395.00
035 ## - SYSTEM CONTROL NUMBER
System control number EN-99411
035 ## - SYSTEM CONTROL NUMBER
System control number EN-119501
037 ## - SOURCE OF ACQUISITION
Source of stock number/acquisition DBAD/PUB
082 ## - DEWEY DECIMAL CLASSIFICATION NUMBER
Classification number 629.8312
100 ## - MAIN ENTRY--PERSONAL NAME
Dates associated with a name Karna,Satish K.
245 ## - TITLE STATEMENT
Title S.Chand's Control systems GATE PSUs and ES examination :
Remainder of title exam success series /
260 ## - PUBLICATION, DISTRIBUTION, ETC. (IMPRINT)
Place of publication, distribution, etc New Delhi
Name of publisher, distributor, etc S.Chand & Company
Date of publication, distribution, etc 2016
270 ## - ADDRESS
Address 7361,Ram Nagar
City New Delhi
Postal code 110055
300 ## - PHYSICAL DESCRIPTION
Extent Various Pagings :
Other physical details ill
Dimensions 24cm(pbk)
500 ## - GENERAL NOTE
General note Includes bibliographical referenecs
942 ## - ADDED ENTRY ELEMENTS (KOHA)
Source of classification or shelving scheme Dewey Decimal Classification
Item type English Books
Classification part 629.8312
Call number suffix KAR
Holdings
Withdrawn status Lost status Not for loan Collection code Home library Current library Date acquired Source of acquisition Cost, normal purchase price Full call number Barcode Copy number Cost, replacement price Koha item type
    Not For Loan Non-fiction D.B.Act.Division Bawana 31/08/2016 DBAD/PUB 395.00 629.8312 KAR EN-99411 1 395.00 English Books
      Non-fiction Diz Area Diz Area 12/01/2023 DBAD/PUB 395.00 629.8312 KAR EN-119501 1 395.00 English Books

© Delhi Public Library
Hit Counter
free hit counter